Quiz sobre a África - Statistics

Estatísticas Gerais
  • Esse quiz foi jogado 29 vezes
  • A pontuação média é 22 de 46
Estatísticas das Respostas
Hint Resposta % Correto
País onde aconteceu o Apartheid, regime de segregação racial África do Sul
100%
Países que falam inglês África do Sul
100%
Em que país ficam as pirâmides de Gizé? Egito
96%
Nome do maior deserto Saara
96%
Países que falam português Angola
88%
Países que falam português Moçambique
88%
Maior país em população Nigéria
88%
Países que falam inglês Nigéria
88%
Países famosos por terem atletas de maratona Quênia
83%
Países que falam inglês Quênia
83%
Nome do maior rio Nilo
79%
Ex-presidente desse país, ganhador do nobel da Paz Nelson Mandela
75%
Maior país em área Argélia
71%
Países que falam português Cabo Verde
71%
Países famosos por terem atletas de maratona Etiópia
67%
Países que falam português São Tomé e Príncipe
67%
Países que falam português Guiné-Bissau
58%
Países que falam inglês Gana
54%
Países que falam português Guiné-Equatorial
54%
Países que falam inglês Tanzânia
54%
Nome da maior montanha Kilimanjaro
50%
Países que falam inglês Botsuana
46%
Países que falam inglês Camarões
46%
Países que falam inglês Malawi
46%
Países que falam inglês Namíbia
46%
Países que falam inglês Zimbábue
46%
Maior cidade em população Cairo
42%
Países que falam inglês Lesoto
42%
Países que falam inglês Ruanda
42%
Países que falam inglês Uganda
42%
Países que falam inglês Zâmbia
42%
Países que falam inglês Gâmbia
38%
Países que falam inglês Libéria
33%
Países que falam inglês Serra Leoa
25%
Principais línguas nativas Árabe
21%
Principais línguas nativas Iorubá
21%
Países que falam inglês Ilhas Maurício
17%
Principais línguas nativas Igbo
8%
Países que falam inglês Seicheles
8%
Principais línguas nativas Amárico
4%
Principais línguas nativas Fula
4%
Principais línguas nativas Hausa
4%
Principais línguas nativas Oromo
4%
Principais línguas nativas Suaíli
4%
Primeira mulher africana ganhadora do Nobel de Literatura, em 1991 Nadine Gordimer
0%
Primeiro africano ganhador do Nobel de Literatura, em 1986 Wole Soyinka
0%
Nenhum quiz correspondente encontrado
Distribuição das Pontuações
Porcentagem de Pessoas com Cada Pontuação
Percentil de Números Respondidos
Sua Pontuação Histórica
Você não jogou esse quiz